00430nam a2200169 a 450000100060000000300090000600800410001502000150005604000280007108200170009910000180011624500460013426000340018030000080021465000190022265000190024121307CO-ViMGA141112s2004 ck r 000 u spa d a8478889949 aCO-ViMGAbspacCO-ViMGA a823.91 R685m1 aRowling, J.K.10aHarry Potter y el misterio del príncipe aBarcelona; Salamandra, c2006 a60214aMAGIA - NOVELA14aNOVELA INGLESA